1390 1583 1890 1465 1035 1007 1913 1844 1921 1281 1304 1249 1261 1984 1703 1631 1706 1366 1123 1727 1196 1297 1852 1649 1319 1890 1296 1190 1424 1473 1592 1219 1318 1894 1417 1599 1355 1722 1036 1978 1301 1980 1007 1155 1343 1559 1733 1232 1364 1493 1747 1394 1989 1308 1487 1381 1153 1386 1530 1593 1169 1808 1930 1955 1167 1074 1539 1016 1585 1553 1611 1862 1295 1926 1788 1698 1669 1861 1547 1892 1263 1628 1435 1330 1969 1093 1818 1344 1202 1937 1787 1949 1140 1054 1625 1401 1914 1690 1673 BCNSPRNW ULIB Ver.6.0+V

เปลี่ยนเป็นภาษาไทย

Change to English
 แสดงรายละเอียดบรรณานุกรม
  กลับหน้าหลัก

Brief Record : Get Marc (ISO 2709) : E-mail record : QR code < ปิดหน้าต่าง
LEADER : 00000nam 2200000uu 4500
001    13399113892
003     ULIB
008    110320s||||||||th 000 0 tha d
099    วพ.WD308^bก892ค
100 0  แก้วตะวัน ต่วนชะเอม
245 00 ความสัมพันธ์ระหว่างความรู้ เจตคติ กับการปฏิบัติตัวเพื่อป้องกันโรคเอดส์ของหญิงมีครรภ์ ที่มาฝากครรภ์โรงพยาบาลธรรมศาสตร์เฉลิมพระเกียรติ จังหวัดประธุมธานี/^cแก้วตะวัน ต่วนชะเอม
260    กรุงเทพฯ :^bมหาวิทยาลัยมหิดล,^c2536
300    120 หน้า :^bตาราง
500    วิทยานิพนธ์
650  7 โรคเอดส์ในสตรีมีครรภ์^xวิจัย
650  7 โรคเอดส์ในสตรีมีครรภ์^xไทย^xปทุมธานี
710 2  มหาวิทยาลัยมหิดล
945    ^p0^l0^i030953
995    ทศพร
999 ^a ใช้งานได้ทุกระบบ
รายการนี้ยังไม่มีแท็ก
คุณยังไม่ได้ล็อกอิน คุณสามารถมีกิจกรรมร่วมกับเว็บไซต์ได้ แต่ต้องล็อกอินก่อน ::
  ล็อกอิน

รายการสื่อสารสนเทศ

ลำดับที่ ประเภท เลขเรียก/บาร์โค้ด สถานที่ สถานะ
1. วิทยานิพนธ์
วิทยานิพนธ์
วพ.WD308 ก892ค ฉ.1 
  Barcode: 030953
ห้องสมุดวิทยาเขตสวรรค์ประชารักษ์
►วิจัย
บนชั้น

BibComment


ยังไม่เคยถูกคอมเมนท์

คอมเมนท์ทรัพยากรรายการนี้
  คอมเมนท์: ความสัมพันธ์ระหว่..


 Copyright 2026. Bcnsprnw @Library